| 000 | 00628 a2200241 4500 | ||
|---|---|---|---|
| 260 | _aEtats-unies | ||
| 630 | _a65 - Gestion et organisation de l'industrie du commerce et des transports | ||
| 650 | _a6 - SCIENCES APPLIQUEES | ||
| 100 | _aRugman, Alan M. | ||
| 700 | _aLecraw, Donald J. | ||
| 700 | _aBooth, Laurence D. | ||
| 260 | _bMcGraw-hill | ||
| 245 | _aInternational business : firm and environment | ||
| 300 | _a458p | ||
| 650 | _aCommerce international : entreprise | ||
| 260 | _c1985 | ||
| 300 | _b25cm | ||
| 100 | _lEn | ||
| 037 | _aDe 8643 | ||
| 020 | _a0-07-054274-0 | ||
| 999 |
_c44343 _d44343 |
||